Terengganu dahulu dan sekarang (Record no. 41960)

MARC details
000 -LEADER
fixed length control field 00726nam a2200253 i 4500
001 - CONTROL NUMBER
control field C2-0133301
003 - CONTROL NUMBER IDENTIFIER
control field PPAK
005 - DATE AND TIME OF LATEST TRANSACTION
control field 20180727123355.0
008 - FIXED-LENGTH DATA ELEMENTS--GENERAL INFORMATION
fixed length control field 971127s1984 my a|||| ||||| | may d
040 ## - CATALOGING SOURCE
Original cataloging agency PPAK
Language of cataloging eng
Transcribing agency PPAK
Description conventions rda
082 04 - DEWEY DECIMAL CLASSIFICATION NUMBER
Classification number 959.5122
Edition number 23
090 00 - LOCALLY ASSIGNED LC-TYPE CALL NUMBER (OCLC); LOCAL CALL NUMBER (RLIN)
Classification number (OCLC) (R) ; Classification number, CALL (RLIN) (NR) 959.5122
Feature heading TER
Feature heading G
Classification number (OCLC) (R) ; Classification number, CALL (RLIN) (NR) 959.5122
Feature heading TER
Feature heading KK
Classification number (OCLC) (R) ; Classification number, CALL (RLIN) (NR) 959.5122
Feature heading TER
Feature heading KMI
245 00 - TITLE STATEMENT
Title Terengganu dahulu dan sekarang
250 ## - EDITION STATEMENT
Edition statement Abdullah Zakaria Ghazali
264 #1 - PRODUCTION, PUBLICATION, DISTRIBUTION, MANUFACTURE, AND COPYRIGHT NOTICE
Place of production, publication, distribution, manufacture Kuala Lumpur :
Name of producer, publisher, distributor, manufacturer Persatuan Muzium Malaysia ,
Date of production, publication, distribution, manufacture, or copyright notice 1984
300 ## - PHYSICAL DESCRIPTION
Extent xiii, 224 pages :
Other physical details illustrations ;
Dimensions 23 cm
336 ## - CONTENT TYPE
Source rdacontent
Content type term text
337 ## - MEDIA TYPE
Source rdamedia
Media type term unmediated
338 ## - CARRIER TYPE
Source rdacarrier
Carrier type term volume
650 10 - SUBJECT ADDED ENTRY--TOPICAL TERM
Topical term or geographic name entry element Terengganu - History.
942 ## - ADDED ENTRY ELEMENTS (KOHA)
-- dc
Koha item type Book
Holdings
Withdrawn Not for loan Current library Shelving location Date acquired Total Checkouts Full call number Barcode Date last seen Date last checked out Koha item type Checked out
  Not For Loan Perpustakaan Alor Setar Koleksi Kedah 02/04/2006   KK 959.5122 TER A00809850 08/05/2018   Book  
  Not For Loan Perpustakaan Alor Setar Koleksi Prof. Dr. Muhammad Isa Othman 09/06/2011   KMI 959.5122 TER A00384965 08/05/2018   Book  
    Perpustakaan Awam Sungai Petani Pinjaman Dewasa 27/11/1997 1 959.5122 TER A00093996 17/03/2019 05/03/2019 Book  
    Perpustakaan Baling Pinjaman Dewasa 12/10/2006 1 959.5122 TER A00810078 05/04/2023 05/04/2023 Book 26/04/2023